| 000 | 00648cai a22001815a 4500 | ||
|---|---|---|---|
| 001 | L158406 | ||
| 008 | 150205u xxk g 000 0 eng d | ||
| 035 | _a(Sirsi) u158406 | ||
| 041 | 0 | _aeng | |
| 110 | 2 |
_aUnited Kingdom _bHM Treasury |
|
| 245 | 0 | 0 | _aInfrastructure UK |
| 520 | _aInfrastructure UK is a unit within the Treasury that works on the UK's long-term infrastructure priorities and secures private sector investment. | ||
| 590 | _aKA | ||
| 651 | 4 | _aUnited Kingdom | |
| 690 |
_aInfrastructure _96246 |
||
| 856 | 4 | 0 |
_uhttps://www.gov.uk/government/organisations/infrastructure-uk _zView the website free of charge at www.gov.uk |
| 942 | _n0 | ||
| 999 |
_c121023 _d121023 |
||